Music Quiz

Random Music or Album Quiz

Experimental Music Audio Clips Quiz Stats

 Plays Quiz not verified by Sporcle

Challenge
Share
Tweet
Score 0/24 Timer 10:00
0 Plays Today
Time Artist % Correct
0:00Captain Beefheart and His Magic Band
78.8%
3:40Frank Zappa and the Mothers of Invention
46.2%
1:50Mr. Bungle
34.6%
1:20Karlheinz Stockhausen
30.8%
0:20Harry Partch
28.8%
1:00Autechre
28.8%
2:20György Ligeti
26.9%
0:10Cecil Taylor
23.1%
0:40Meredith Monk
23.1%
0:50Pere Ubu
23.1%
1:10Ornette Coleman
23.1%
2:00Henry Cow
21.2%
Time Artist % Correct
0:30Sleepytime Gorilla Museum
19.2%
1:30John Cage
19.2%
2:30Boredoms
19.2%
3:30The Residents
19.2%
1:40Masonna
17.3%
2:50Faust
17.3%
3:50Negativland
17.3%
2:40John Zorn
15.4%
2:10Morton Feldman
13.5%
3:10Alice Coltrane
13.5%
3:00Luciano Berio
11.5%
3:20Helmut Lachenmann
11.5%

You're not logged in!

Compare scores with friends on all Sporcle quizzes.
Join for Free
OR
Log In

You Might Also Like...

Show Comments

Extras

Top Quizzes Today


Score Distribution

Your Account Isn't Verified!

In order to create a playlist on Sporcle, you need to verify the email address you used during registration. Go to your Sporcle Settings to finish the process.

Report this User

Report this user for behavior that violates our Community Guidelines.

Details: